| 000 | 00349nam a22001337a 4500 | ||
|---|---|---|---|
| 020 | _a0-201-06561-4 | ||
| 082 | _a512.72 ROS'E | ||
| 100 |
_aROSEN, KENNETH H _917956 |
||
| 245 | _aELEMENTARY NUMBER THEORY AND ITS APPLICATIONS | ||
| 260 |
_aCALIFORNIA _bADDISION WESELY _c1984 |
||
| 300 | _aXII,452P | ||
| 650 |
_aNUMBER THEORY _93455 |
||
| 942 | _cBK | ||
| 999 |
_c571588 _d571588 |
||